The world of questions & answer

Bibliographic Details
Format: Book
Published: Selangor : Early Learner Publications , 2004
Series:Early Learner's
Subjects:

MARC

LEADER 00000cam a2200000 7i4500
001 0000005707
005 20151222.0
008 070809
020 |a 983273049X 
020 |a 9833090397(set) 
090 0 0 |a Q   |b ENG 
245 1 4 |a The world of questions & answer 
260 |a Selangor :   |b Early Learner Publications ,   |c 2004 
300 |a volume 1 
440 |a Early Learner's 
500 |a Children ages 10-12 years old (pink) 
650 0 |a Junior fiction   |x English   |x Languages 
650 0 |a Quiz 
999 |a 0000981487   |b Book   |c Children Collection   |e Perbadanan Perpustakaan Awam Johor 
999 |a 0000981488   |b Book   |c Children Collection   |e Cawangan Tmn. Ungku Tun Aminah 
999 |a 0000981490   |b Book   |c Children Collection   |e Cawangan Taman Sri Lambak 
999 |a 0001050034   |b Book   |c Children Collection   |e Cawangan Taman Universiti 
999 |a 0001151112   |b Book   |c Children Collection   |e Cawangan Tmn. Ungku Tun Aminah